Art - General Knowledge #4 - Statistics

General Stats
  • This quiz has been taken 183 times
  • The average score is 7 of 15
Answer Stats
Hint Answer % Correct
His studio/atelier was called 'The Factory' Andy Warhol
83%
Sculptor of 'The Thinker' Auguste Rodin
82%
Munch' s first name Edvard
81%
City of the MoMA New York City
79%
Painted 'Whistler's Mother' James Whistler
56%
Art movement of da Vinci and Michelangelo Reneissance
54%
Technique used by Seurat, Signac and Pissarro Pointillism
49%
Painted 'Primavera' also known as 'Allegory of Spring' Sandro Botticelli
44%
Painted 'The Cardplayers', and a lot of still lives of apples Paul Cezanne
32%
Art movement of van Gogh, Gauguin and Toulouse-Lautrec Post-impressionism
31%
Painted 'Portrait of Adele Bloch-Bauer' Gustav Klimt
29%
Portrait photographer, famous for Vanity Fair and Rolling Stone works Annie Leibovitz
19%
Painted 'Green Violinist' and 'Over the Town' Marc Chagall
19%
What Art Nouveau is called in Germany and Nordic Countries Jugendstil
10%
Designer and Architect of Finlandia Hall Alvar Aalto
9%
No matching quizzes found
Score Distribution
Percent of People with Each Score
Percentile by Number Answered
Your Score History
You have not taken this quiz